LEADER 01184nam0 2200301 450 001 000044134 005 20180214110235.0 010 $a978-88-453-1099-7 100 $a20180214d1992----km-y0itaa50------ba 101 0 $aita 102 $aIT 200 1 $a<> gestione delle scorte nelle imprese commerciali e di produzione$eEOQ, MRP, JIT$fGiulia Urgeletti Tinarelli 210 $a[Milano]$cETAS libri$d1992 215 $aVII, 343 p.$d24 cm 225 2 $aProduzione 410 0$12001$aProduzione 606 1 $aScorte di magazzino$xGestione 606 2 $aAziende commerciali$xGestione delle scorte 606 2 $aAziende industriali$xGestione delle scorte 676 $a658.785$v(22. ed.)$9Gestione dei materiali. Immagazzinamento 700 1$aTinarelli Urgeletti,$bGiulia$0459966 801 0$aIT$bUniversità della Basilicata - B.I.A.$gREICAT$2unimarc 912 $a000044134 996 $aGestione delle scorte nelle imprese commerciali e di produzione$9177127 997 $aUNIBAS CAT $aTTM$b30$c20180214$lBAS01$h1102 FMT Z30 -1$lBAS01$LBAS01$mBOOK$1BASA2$APolo Tecnico-Scientifico$2DID$BDidattica$3PTS.D1.115766$6115766$5T115766$820180214$f98$FConsultazione LEADER 01056nam0-2200289 --450 001 9910984994803321 005 20250317123242.0 100 $a20250317d18671872kmuy0itay5050 ba 101 0 $ager 102 $aDE 105 $aa 001yy 200 1 $aGeschichte und Litteratur der lichenologie$fzum erstenmale bearbeitet von August von Krempelhuber 210 $aMünchen$cWolf$d1867-1872 215 $a3 v.$critr.$d23 cm. 327 $a1.: Geschicte und litteratur$a2.: Die flechten-spezies$a3.: Die fortschritte und die litteratur der lichenologie in dem Zaitraume von 1866-1870 incl. nebst Nachtragen zu den fruheren perioden 610 0 $aLicheni 676 $a579.7$v23$zita 702 1$aKrempelhuber,$bAugust : von 801 0$aIT$bUNINA$gREICAT$2UNIMARC 901 $aBK 912 $a9910984994803321 952 $aA CHI 1862-1$b03/2208/25$fFAGBC 952 $aA CHI 1862-2$b03/2209/25$fFAGBC 952 $aA CHI 1862-3$b03/2210/25$fFAGBC 959 $aFAGBC 996 $aGeschichte und Litteratur der lichenologie$94330642 997 $aUNINA